Statistics for Portugal 2018 FIFA World Cup Squad

Click here to take the quiz!

General Stats

  • This quiz has been taken 2,023 times
    (2,007 since last reset)
  • The average score is 16 of 24

Answer Stats

PositionPlayerClub% Correct
FWCristiano RonaldoReal Madrid
99%
MFBernardo SilvaManchester City
90%
GKRui PatrícioSporting CP
90%
DFPepeBesiktas JK
89%
FWAndré SilvaAC Milan
87%
MFAdrien SilvaLeicester City
85%
FWRicardo QuaresmaBesiktas JK
76%
GKAnthony LopesOlympique Lyon
74%
DFRaphaël GuerreiroBorussia Dortmund
74%
DFMário RuiSSC Napoli
70%
DFJosé FonteDalian Yifang
68%
MFJoão MoutinhoAS Monaco
67%
MFBruno FernandesSporting CP
66%
FWGonçalo GuedesValencia CF
64%
DFCédricSouthampton FC
60%
MFManuel FernandesLokomotiv Moscow
58%
MFWilliam CarvalhoSporting CP
57%
MFJoão MárioWest Ham United
55%
DFBruno AlvesRangers FC
47%
DFRúben DiasSL Benfica
47%
CoachFernando Santos/
44%
GKBetoGöztepe
43%
FWGelson MartinsSporting CP
28%
DFRicardo PereiraFC Porto
22%

Score Distribution

Percentile by Number Answered

Percent of People with Each Score

Your Score History

You have not taken this quiz since the last reset